
Library Catalogue

| 000 -LEADER | |
|---|---|
| fixed length control field | 00945nam a22001697a 4500 |
| 005 - DATE AND TIME OF LATEST TRANSACTION | |
| control field | 20220304124759.0 |
| 008 - FIXED-LENGTH DATA ELEMENTS--GENERAL INFORMATION | |
| fixed length control field | 220304b2019 ||||| |||| 00| 0 eng |
| 020 ## - INTERNATIONAL STANDARD BOOK NUMBER | |
| International Standard Book Number | 9788193966938 |
| 082 ## - DEWEY DECIMAL CLASSIFICATION NUMBER | |
| Classification number | 347.09 PAN |
| 100 ## - MAIN ENTRY--PERSONAL NAME | |
| Personal name | Panchu Sriram |
| 245 ## - TITLE STATEMENT | |
| Title | The Commercial Mediation Monograph |
| 260 ## - PUBLICATION, DISTRIBUTION, ETC. | |
| Place of publication, distribution, etc. | Chennai |
| Name of publisher, distributor, etc. | OakBridge Publishers |
| Date of publication, distribution, etc. | 2019 |
| 365 ## - TRADE PRICE | |
| Price amount | 380 |
| 505 ## - FORMATTED CONTENTS NOTE | |
| Formatted contents note | Content:<br/>1. Nature of Disputing and the Essence of Mediation;<br/>2. The Anatomy of a Dispute and its Resolution : A Few Examples;<br/>3. What Happens in a Mediation;<br/>4. The Mediator's Craft;<br/>5. When to Mediate;<br/>6. Advice to Parties in Mediation;<br/>7. The Role of General Counsel;<br/>8. Role of Lawyers;<br/>9. Combining Mediation With Arbitration;<br/>10. Family Business Disputes;<br/>11. Disputes Involving the Government;<br/>12. Mediating Cross-Border Disputes;<br/>13. Mediation and the Law;<br/>14. The Future<br/> |
| 650 ## - SUBJECT ADDED ENTRY--TOPICAL TERM | |
| Topical term or geographic name entry element | Mediation - Commercial - Monograph - India |
| 942 ## - ADDED ENTRY ELEMENTS (KOHA) | |
| Source of classification or shelving scheme | Dewey Decimal Classification |
| Koha item type | BOOKs |
| Withdrawn status | Lost status | Source of classification or shelving scheme | Materials specified (bound volume or other part) | Damaged status | Not for loan | Home library | Current library | Shelving location | Date acquired | Source of acquisition | Cost, normal purchase price | Total Checkouts | Full call number | Barcode | Date last seen | Date last checked out | Price effective from | Koha item type |
|---|---|---|---|---|---|---|---|---|---|---|---|---|---|---|---|---|---|---|
| Dewey Decimal Classification | PB | . | . | Library Compactors | 04.03.2022 | Purchased | 380.00 | 1 | 347.09 PAN | 38591 | 21.07.2025 | 15.07.2025 | 04.03.2022 | BOOKs |